| 000 | 00714nam a2200229 i 4500 | ||
|---|---|---|---|
| 001 | 81605 | ||
| 003 | ES-MaACL | ||
| 005 | 20240128062948.0 | ||
| 007 | t| | ||
| 008 | 150911s1997 sp ||||1| spa d | ||
| 020 | _a84-350-9133-3 | ||
| 100 | 1 |
_aFlaubert, Gustave, _d1821-1880 _951134 |
|
| 245 | 1 | 0 |
_aRazones y osadías / _cGustave Flaubert ; selección, prólogo, traducción y notas de Jordi Llovet. |
| 250 | _a[1ª ed.]. | ||
| 260 |
_aBarcelona : _bEdhasa, _c1997. |
||
| 300 |
_a157 p. ; _c18 cm. |
||
| 490 | 1 |
_aAforismos ; _v15 |
|
| 700 | 0 |
_aLlovet, Jordi. _972944 |
|
| 830 | 0 |
_aAforismos ; _v15 _9180594 |
|
| 852 |
_aES-MaACL _jL-30141 _z.- Dont. Miguel A. Velasco |
||
| 999 |
_c81605 _d81605 |
||